Anagrama de países #2 - Estadísticas

Estadísticas generales
  • Esta prueba ha sido intentada 87 veces
  • La puntuación promedio es 13 de 16
Estadísticas de respuestas
Hint Respuesta % Correcto
adncáa Canadá
100%
rúep Perú
100%
ñspaea España
99%
nginfasáat Afganistán
97%
rgíen Níger
96%
iaraulbg Bulgaria
95%
iwkaut Kuwait
95%
iasru Rusia
95%
riisa Siria
93%
aaordnji Jordania
86%
aatial Italia
85%
ilbasr Brasil
80%
bbdaaosr Barbados
54%
itnrgaaen Argentina
53%
riatsua Austria
50%
risabe Serbia
45%
No se encontraron pruebas coincidentes
Distribución de puntuación
Porcentaje de gente con cada puntuación
Porcentaje por número respondido
Historial de tus puntuaciones
No has intentado esta prueba.